000 01142nam0a2200301 i 4500
001 RU\NLR\bibl\2008626
005 20260405082018.0
010 _a9785983443051
_9100
035 _a(NLR Aleph) 001997224
090 _a4308266
_c4308266
100 _a20130306d2013 u y0rusy50 ca
101 0 _arus
102 _aRU
105 _aa |||||||||
200 1 _aКритерии формирования здоровья населения Мордовии
_fН.А. Степанов, Т.А. Куняева
210 _aСаранск
_c[б. и.]
_d2013
215 _a188 с.
_cил.
_d20
320 _aБиблиогр.: с. 178-187 (150 назв.)
606 1 _aЗдоровье
_yМордовия, Республика
_92194445
_3RU\NLR\auth\661318981
686 _aР11(2)09(2Р351-6Мо)
700 1 _4070
_8rus
_7ca
_aСтепанов
_bН.А.
_cканд. мед. наук
_gНиколай Андреевич
_3RU\NLR\auth\7728795
_911826
701 1 _aКуняева
_bТ. А.
_4070
801 0 _aRU
_bNLR
_c20130306
_gRCR
801 1 _aRU
_bNLR
_c20130306
830 _a1-й авт. по базе
942 _cBOOK
980 _aNBR